000 00559nam a2200205Ia 4500
005 20250508160757.0
008 008 250505s9999 xx 000 0 eng d
020 _a0-416-75980-7
037 _aTextual
040 _aFEDL
_beng
_cFEDL
041 _aeng
_2eng
084 _a370.15, JEN
_qFEDL
100 _aJensen Arthur R.
245 0 _aEducational differences
260 _aLondon, UK
_bMethuen and Co. Ltd.
_c1973
300 _a462p.
650 _aEducation - Psychology
942 _cTEXL
_h370.15, JEN
999 _c1366572
_d1366572